What Common First Name Is Missing From These Words? - Statistics

General Stats
  • This quiz has been taken 14 times
  • The average score is 9 of 21
Answer Stats
name answer % Correct
ALAN AV{ALAN}CHE, MET{ALAN}GUAGE, ZE{ALAN}DER
100%
FRANK {FRANK}FURTER, {FRANK}ENSTEIN, {FRANK}LY
77%
ERIC GEN{ERIC}, MAV{ERIC}K, ESOT{ERIC}, LIM{ERIC}K
77%
ADAM M{ADAM}, MAC{ADAM}IA, {ADAM}ANT, POP{ADAM}
77%
IAN DEF{IAN}CE, L{IAN}A, VAR{IAN}CE
62%
ETHAN M{ETHAN}E, ELIZAB{ETHAN}, {ETHAN}OL
62%
AMY CRE{AMY}, POLYG{AMY}, CHL{AMY}DIA,
54%
LISA PA{LISA}DE, REA{LISA}TION, NEUTRA{LISA}TION
54%
LEE GALI{LEE}, S{LEE}PY JUBI{LEE}, S{LEE}VE
46%
JACK HI{JACK}, BLACK{JACK}, {JACK}ET, {JACK}POT
46%
BRIAN CAM{BRIAN}, INE{BRIAN}T, NORTHUM{BRIAN}
38%
DONNA OR{DONNA}NCE, CHAR{DONNA}Y, MA{DONNA}
38%
LIAM PAR{LIAM}ENT, MIL{LIAM}PERE, WIL{LIAM}SITE
38%
GARY SU{GARY}, HUN{GARY}, BEG{GARY}
38%
NANCY TE{NANCY}, PREG{NANCY}, POIG{NANCY}
31%
RUTH T{RUTH}FUL, {RUTH}ENIUM, {RUTH}LESS
23%
ANNA BAND{ANNA}, K{ANNA}DA, SAV{ANNA}
15%
ELLEN EXC{ELLEN}T, H{ELLEN}IC, REP{ELLEN}T
15%
MARY PRI{MARY}, {MARY}LAND, {MARY}GOLD
15%
MARK RE{MARK}, DEN{MARK}, {MARK}ET, WATER{MARK}
15%
SEAN {SEAN}CE, ODYS{SEAN}, BIEN{SEAN}CE, NAU{SEAN}T
8%
No matching quizzes found
Score Distribution
Percent of People with Each Score
Percentile by Number Answered
Your Score History
You have not taken this quiz